000 00552nam a2200205Ia 4500
005 20260429111934.0
008 260429s9999||||xx |||||||||||||| ||und||
020 _a9789389212341
041 _aEnglish
082 _a543
_bAHL
100 _aAhluwalia, V. K.
245 0 _aOrganic spectroscopy /
_cV. K. Ahluwalia
250 _a2nd ed.
260 _aNew Delhi :
_bAne Publishers and Distributors LLP,
_c2025.
300 _a270 p.; hb
650 _a Analytical chemistry
650 _a Organic chemistry
650 _aSpectroscopy
942 _cTB
999 _c51521
_d51521